书目信息 |
| 题名: |
论恩格斯《自然辩证法》
|
|
| 作者: | Кедров , 凯德洛夫 著 ;殷登祥 译 | |
| 分册: | ||
| 出版信息: | 北京 三联书店 1980 |
|
| 页数: | 221页 | |
| 开本: | 19cm | |
| 丛书名: | ||
| 单 册: | ||
| 中图分类: | A811.24 | |
| 科图分类: | ||
| 主题词: | 恩格斯著作研究-自然辩证法 , 自然辩证法-恩格斯著作研究 | |
| 电子资源: | ||
| ISBN: | ||
| 000 | 00984nam0 2200277 45 | |
| 001 | 0180000333 | |
| 005 | 20060818112454.25 | |
| 010 | @dCNY0.58 | |
| 100 | @a19960215d1980 em y0chiy0121 ea | |
| 101 | 1 | @achi@crus |
| 102 | @aCN@b110000 | |
| 105 | @ay z 000yy | |
| 200 | 12 | @a论恩格斯《自然辩证法》@Alun en ge si zi ran bian zheng fa@f(苏)勃·凯德洛夫(Ъ.М.Кедров)著@g殷登祥等译 |
| 210 | @a北京@c三联书店@d1980 | |
| 215 | @a221页@d19cm | |
| 300 | @a书名原文:О“Диалектике природы” Энгелъса | |
| 510 | 1 | @aО“Диалектике природы” Энгелъса@zrus |
| 517 | 1 | @a论恩格斯自然辩证法@Alun en ge si zi ran bian zheng fa |
| 606 | @a恩格斯著作研究-自然辩证法 | |
| 606 | @a自然辩证法-恩格斯著作研究 | |
| 690 | @aA811.24@v3 | |
| 701 | A1 | @aКедров@bЪ.М.@4著 |
| 701 | 1 | @a凯德洛夫@Abo kai de luo fu@bЪ.М.@4著 |
| 702 | 0 | @a殷登祥@Ayin deng xiang@4译 |
| 801 | 0 | @aCN@bTSSF@c20060818 |
| 905 | @a10447@dA811.24@e190 | |
| 论恩格斯《自然辩证法》/(苏)勃·凯德洛夫(Ъ.М.Кедров)著/殷登祥等译.-北京:三联书店,1980 |
| 221页;19cm |
| 书名原文:О“Диалектике природы” Энгелъса |
| ISBN :CNY0.58 |
| ● |
| 相关链接 |
|
|
|
|
正题名:论恩格斯《自然辩证法》
索取号:A811.24/190
 
预约/预借
| 序号 | 登录号 | 条形码 | 馆藏地/架位号 | 状态 | 备注 |
| 1 | 0426758 | 204267587 | 密集书库/ [索取号:A811.24/190] | 在馆 | |
| 2 | 0464841 | 204648417 | 密集书库/ [索取号:A811.24/190] | 在馆 | |
| 3 | 0464842 | 204648426 | 密集书库/ [索取号:A811.24/190] | 在馆 | |
| 4 | 0465739 | 204657399 | 密集书库/ [索取号:A811.24/190] | 在馆 |